000
00301nam a22001217a 4500
020
_a
9789381604434
082
_a
664
_b
SIN/TE
100
_a
Singh, Anju
245
_a
Text book of food science
260
_a
Delhi
_b
Vista International Publishing House
_c
2012
700
_a
Kalpana Bhardwaj
942
_c
BK
999
_c
13938
_d
13938